00552nam a22001937a 450000500170000001000110001702000210002803500110004903700160006004000120007608200110008810000220009924500580012126000360017927000330021530000210024865000590026965000300032820170124110125.0 a557318 c00.00a701114797 a557318 bCen Lib/Ret aDPLbEN aNbSAH aSahgal, Nayantara aStorm in Chandigarh :cby Nayantara Sahgalba novel / bChatto and WindusaLondonc1969 bLondona40 William IV Street a251p. c18cm(Hb) aLanguage and languages -- Political aspects -- Fiction aPunjab (India) -- Fiction